000 00293nam a22001337a 4500
008 170222b xxu||||| |||| 00| 0 eng d
020 _a9789351522324
041 _aeng
080 _23 ED
_a616 31
100 _a5
101 _aSHS
245 _aPEDIATRIC DENTISTRY
_cMARWAH.N
942 _2udc
_cBK
999 _c6104
_d6104